000 00570ntaaa2200193 4500
003 01
005 20251027202355.0
008 0714s1973 ag 01
040 _aAR-BaBN
_bspa
_cAR-BaBN
_eaacr
_dRIC
082 _a282.0000 Qu4
100 _aQuiles, Ismael
_98330
245 _aQué es el catolicismo?
250 _a1 ed.
260 _aBuenos Aires :
_bEditorial Columba,
_c1955
300 _a79 p
500 _aSe expone con severa claridad el contenido del catolicismo en sus aspectos teológico, litúrgico y devocional.
650 _acatolicismo
_9316
942 _cBK
999 _c18637
_d18637